000 00541nam a2200205Ia 4500
003 OSt
005 20221007071911.0
006 a|||||r|||| 00| 0
007 ta
008 221006b |||||||| |||| 00| 0 eng d
024 _a19,110
037 _cTextual
040 _aFLL
_cFLL
_beng
041 _2eng
_aeng
100 _aRobson W.A. Au.
_9689647
245 0 _aCivilisation and the growth of law
260 _aLondon
_bMacmillan and co. limited England
_c1935
942 _cTEXL
_2CC
999 _c1144618
_d1144618